000 01007nam a2200337Ia 4500
003 OSt
005 20220912144405.0
006 a|||||r|||| 00| 0
007 ta
008 220909b |||||||| |||| 00| 0 eng d
020 _a9781498738392 (hbk)
020 _aSL01600054
024 _a195231
037 _b72, 22/12/2015, Aviva Books Company
037 _cTextual
040 _aCSL
_beng
_cCSL
041 _aeng
082 _aB13,5Kp1,N94, Q6 TB
100 _aStewart Ian; Tall David
245 0 _aAlgebraic number theory and fermat's last theorem
250 _a4
260 _aBoca
_bRaton CRC Press
_c2016
300 _axix, 322p. ill.
500 _aBibliography 309-316p.; Index 317-322p.
650 _a Integral bases
650 _a Rings and fields
650 _aAlgebraic numbers
700 _aStewart Ian; Tall David
942 _hB13,5Kp1,N94, Q6 TB
_cTEXL
_2CC
999 _c6886
_d6886